• 首页
  • 本馆介绍
  • 公告通知
  • 最新文献
  • 馆藏检索
  • 电子资源
  • 读者导购
  • 参考咨询
  • 我的图书馆
  • 登录
  • 详细信息显示
  • 放入我的书架
  • 预约/预借图书
  • 作者相关作品
  • 分类相关作品
  • 丛书相关作品
  • 出版社相关作品

书目信息

  • 表格格式
  • 工作单格式
  • 卡片格式
题名:
核酸适配体手册
    
 
作者: 克卢斯曼 主编 ;屈锋 译
分册:  
出版信息: 北京   化学工业出版社  2013.10
页数: 427页
开本: 25cm
丛书名:
单 册:
中图分类: Q524-62
科图分类:
主题词: 寡核苷酸--手册 , 寡核苷酸
电子资源:
ISBN: 978-7-122-17980-7
000 01379nam0 2200301 450
001 0120131161399
005 20140611152406.84
010    @a978-7-122-17980-7@b精装@dCNY128.00
100    @a20131106d2013 em y0chiy0110 ea
101 1  @achi@cger
102    @aCN@b110000
105    @aafk z 000yy
106    @ar
200 1  @a核酸适配体手册@9he suan shi pei ti shou ce@e功能性寡核苷酸及其应用@dThe aptamer handbook@efunctional oligonucleotides and their applications@f(德)斯文·克卢斯曼(Sven Klussmann)主编@g屈锋等译@zeng
210    @a北京@c化学工业出版社@d2013.10
215    @a427页@c图,图版(4页)@d25cm
305    @a由John Wiley & Sons Limited授权
330    @a本书系统介绍了核酸适配体的体外筛选原理、技术方法以及近年来在基础医学、临床诊断、药物研究等方面的应用。主要包括各种靶分子的适配体体外筛选技术;用核酸适配体作为药理探针在体内和体外确定靶标、蛋白功能分析、活体成像和适配体在临床治疗研究中的应用等。
333    @a国内适配体研究工作者
510 1  @aAptamer handbook@efunctional oligonucleotides and their applications@zeng
517 1  @a功能性寡核苷酸及其应用@9gong neng xing gua he gan suan ji qi ying yong
606 0  @a寡核苷酸@j手册
606 0  @a寡核苷酸
690    @aQ524-62@v5
701  0 @c(德)@a克卢斯曼@9ke lu si man@c(Klussmann, Sven)@4主编
702  0 @a屈锋@9qu feng@4译
801  0 @aCN@b人天书店@c20131106
905    @b548969-71@dQ524-62@e207@f3
    
    核酸适配体手册:功能性寡核苷酸及其应用=The aptamer handbook:functional oligonucleotides and their applications/(德)斯文·克卢斯曼(Sven Klussmann)主编/屈锋等译.-北京:化学工业出版社,2013.10
    427页:图,图版(4页);25cm
    使用对象:国内适配体研究工作者
    
    ISBN 978-7-122-17980-7(精装):CNY128.00
    本书系统介绍了核酸适配体的体外筛选原理、技术方法以及近年来在基础医学、临床诊断、药物研究等方面的应用。主要包括各种靶分子的适配体体外筛选技术;用核酸适配体作为药理探针在体内和体外确定靶标、蛋白功能分析、活体成像和适配体在临床治疗研究中的应用等。
●
相关链接 在E读中查询图书 在五车中查询图书 在当当中查询图书 在豆瓣中查询图书


正题名:核酸适配体手册     索取号:Q524-62/207         预约/预借

序号 登录号 条形码 馆藏地/架位号 状态 备注
1 548969   205489693   第二样本阅览室/ [索取号:Q524-62/207] 在馆    
2 548970   205489700   第三借阅区/ [索取号:Q524-62/207] 在馆    
3 548971   205489719   密集书库-生命科学系/ [索取号:Q524-62/207] 在馆    
唐山师范学院图书馆 欢迎您!
大连网信软件有限公司© 版权所有